Essentials of stochastic processes

Αποθηκεύτηκε σε:
Λεπτομέρειες βιβλιογραφικής εγγραφής
Κύριος συγγραφέας: Durrett, Richard 1951-
Μορφή: Βιβλίο
Γλώσσα:English
Δημοσίευση: New York : Springer, c1999
Σειρά:Springer texts in statistics
Θέματα:
Ετικέτες: Προσθήκη ετικέτας
Δεν υπάρχουν, Καταχωρήστε ετικέτα πρώτοι!

MARC

LEADER 00000nam a2200000 i 4500
001 1/34484
008 030313s1999 eng d
020 |a 0-387-98836-X 
035 |l 10069703 
040 |a GR-MY-UA  |b gre  |e aacr 
041 0 |a eng 
082 0 |a 519.2 
100 1 |a Durrett, Richard  |d 1951- 
245 1 0 |a Essentials of stochastic processes /  |c Rick Durret 
260 |a New York :   |b Springer,   |c c1999 
300 |a vi, 281 p.;  |b ill.;  |c 25 cm. 
490 1 |a Springer texts in statistics 
504 |a Includes bibliographical references and statistics 
650 0 0 |a Stochastic processes. 
830 0 |a Springer texts in statistics 
852 |a INST  |b SAMOS  |e 20030313  |h 519.2 DUR  |p 005300024204  |q 005300024204  |t BK  |y 0 
901 |a BIBL3-2003-1 
909 |a Σ  |b 104220 
922 |a 3ΕΛΗ  |b 200210  |c ΤΣΑΕ  |d LEADER 
950 |a 184-2002-10-17 
970 |a ΚΟΣΙΕΡΗΣ  |b ΧΡΗΣΤΟΣ  |z 2003/03/19